[Event "V4Liptov2018"]
[Site "?"]
[Date "2018.06.25"]
[Round "5.18"]
[White "Paprocki, Stanislaw"]
[Black "Sorokin, Artem"]
[Result "1/2-1/2"]
[BlackElo "1592"]
[WhiteElo "1864"]
[LiveChessVersion "1.4.8"]

1. e4 {[%clk 1:00:57]} c5 {[%clk 1:00:56]} 2. Nf3 {[%clk 1:01:12]} Nc6
{[%clk 1:01:21]} 3. d4 {[%clk 1:01:20]} cxd4 {[%clk 1:01:45]} 4. Nxd4
{[%clk 1:01:25]} Nf6 {[%clk 1:02:10]} 5. f3 {[%clk 1:01:32]} d5 {[%clk 1:02:34]}
6. Nxc6 {[%clk 1:01:30]} bxc6 {[%clk 1:02:45]} 7. e5 {[%clk 1:01:44]} Nd7
{[%clk 0:54:10]} 8. f4 {[%clk 1:01:54]} e6 {[%clk 0:51:22]} 9. Bd3
{[%clk 1:00:00]} Bc5 {[%clk 0:43:40]} 10. Qg4 {[%clk 0:58:04]} O-O
{[%clk 0:32:24]} 11. Nd2 {[%clk 0:54:19]} f5 {[%clk 0:29:23]} 12. Qh5
{[%clk 0:51:08]} Qe8 {[%clk 0:27:33]} 13. Qh3 {[%clk 0:50:31]} a5
{[%clk 0:24:34]} 14. Rf1 {[%clk 0:40:51]} Qg6 {[%clk 0:17:26]} 15. Rf3
{[%clk 0:39:42]} Qg4 {[%clk 0:17:44]} 16. Nb3 {[%clk 0:37:27]} Qxh3
{[%clk 0:17:22]} 17. Rxh3 {[%clk 0:37:40]} Bb6 {[%clk 0:15:44]} 18. c3
{[%clk 0:35:51]} c5 {[%clk 0:13:19]} 19. Be2 {[%clk 0:33:06]} Ba6
{[%clk 0:12:42]} 20. Bxa6 {[%clk 0:33:07]} Rxa6 {[%clk 0:13:09]} 21. Be3
{[%clk 0:32:59]} Ba7 {[%clk 0:10:52]} 22. Rd1 {[%clk 0:32:09]} a4
{[%clk 0:07:42]} 23. Nd2 {[%clk 0:32:06]} c4 {[%clk 0:06:02]} 24. Bxa7
{[%clk 0:31:13]} Rxa7 {[%clk 0:06:29]} 25. b4 {[%clk 0:30:23]} cxb3
{[%clk 0:05:01]} 26. axb3 {[%clk 0:30:48]} axb3 {[%clk 0:04:39]} 27. Nxb3
{[%clk 0:31:17]} Rb8 {[%clk 0:04:35]} 28. Nd4 {[%clk 0:31:17]} Rb6
{[%clk 0:04:28]} 29. Rhd3 {[%clk 0:30:49]} Nc5 {[%clk 0:04:18]} 30. R3d2
{[%clk 0:31:07]} Ne4 {[%clk 0:03:14]} 31. Rc2 {[%clk 0:31:35]} Rc7
{[%clk 0:02:46]} 32. Rdc1 {[%clk 0:32:04]} g5 {[%clk 0:02:54]} 33. g3
{[%clk 0:32:33]} h6 {[%clk 0:03:19]} 34. c4 {[%clk 0:29:18]} Rxc4
{[%clk 0:01:37]} 35. Rxc4 {[%clk 0:29:47]} dxc4 {[%clk 0:02:05]} 36. Rxc4
{[%clk 0:30:16]} Kf7 {[%clk 0:01:26]} 37. Rc7+ {[%clk 0:29:39]} Kg6
{[%clk 0:01:54]} 38. Rc6 {[%clk 0:29:36]} Rxc6 {[%clk 0:01:29]} 39. Nxc6
{[%clk 0:30:05]} Kh5 {[%clk 0:01:27]} 40. Nd8 {[%clk 0:29:53]} Nc5
{[%clk 0:01:49]} 41. Ke2 {[%clk 0:29:31]} Kg4 {[%clk 0:01:45]} 42. Ke3
{[%clk 0:29:25]} gxf4+ {[%clk 0:01:07]} 43. gxf4 {[%clk 0:29:55]} h5
{[%clk 0:01:18]} 44. Kd4 {[%clk 0:30:24]} Kxf4 {[%clk 0:01:28]} 45. Kxc5
{[%clk 0:29:17]} Kxe5 {[%clk 0:01:49]} 46. Kc4 {[%clk 0:29:36]} Kf4
{[%clk 0:02:00]} 47. Nxe6+ {[%clk 0:29:50]} Kg4 {[%clk 0:02:20]} 48. Kd4
{[%clk 0:28:53]} Kh3 {[%clk 0:01:26]} 49. Nf4+ {[%clk 0:29:02]} Kxh2
{[%clk 0:01:47]} 50. Nxh5 {[%clk 0:29:22]} 1/2-1/2

[Event "V4Liptov2018"]
[Site "?"]
[Date "2018.06.25"]
[Round "5.19"]
[White "Vorobieva, Varvara"]
[Black "Paprocki, Antoni"]
[Result "1-0"]
[BlackElo "1804"]
[WhiteElo "1604"]
[LiveChessVersion "1.4.8"]

1. e4 {[%clk 1:00:58]} c5 {[%clk 1:00:55]} 2. d4 {[%clk 1:01:24]} cxd4
{[%clk 1:00:22]} 3. c3 {[%clk 1:01:48]} dxc3 {[%clk 1:00:42]} 4. Nxc3
{[%clk 1:02:14]} e6 {[%clk 0:57:04]} 5. Nf3 {[%clk 1:02:35]} Be7 {[%clk 0:57:21]}
6. Bc4 {[%clk 1:02:28]} a6 {[%clk 0:55:10]} 7. O-O {[%clk 1:01:40]} d6
{[%clk 0:53:27]} 8. a3 {[%clk 1:00:58]} Nf6 {[%clk 0:51:27]} 9. Qe2
{[%clk 1:00:35]} O-O {[%clk 0:48:48]} 10. Rd1 {[%clk 1:00:57]} Qc7
{[%clk 0:40:05]} 11. Bg5 {[%clk 1:00:44]} Nc6 {[%clk 0:36:20]} 12. Rac1
{[%clk 1:01:07]} Rd8 {[%clk 0:35:16]} 13. Ba2 {[%clk 0:56:11]} Bd7
{[%clk 0:27:00]} 14. Nd5 {[%clk 0:47:46]} exd5 {[%clk 0:27:14]} 15. exd5
{[%clk 0:48:11]} Re8 {[%clk 0:26:33]} 16. dxc6 {[%clk 0:46:02]} bxc6
{[%clk 0:26:06]} 17. Qc2 {[%clk 0:43:30]} Qb8 {[%clk 0:20:18]} 18. h3
{[%clk 0:34:57]} c5 {[%clk 0:15:31]} 19. Ne5 {[%clk 0:30:55]} Be6
{[%clk 0:12:34]} 20. Nc6 {[%clk 0:29:31]} Qc7 {[%clk 0:11:36]} 21. Nxe7+
{[%clk 0:29:53]} Qxe7 {[%clk 0:12:02]} 22. Bb1 {[%clk 0:30:10]} h6
{[%clk 0:11:38]} 23. Bxf6 {[%clk 0:28:58]} Qxf6 {[%clk 0:12:01]} 24. Rxd6
{[%clk 0:28:28]} Rec8 {[%clk 0:06:47]} 25. Rb6 {[%clk 0:25:23]} Ra7
{[%clk 0:01:59]} 26. Re1 {[%clk 0:24:39]} Re8 {[%clk 0:01:43]} 27. Qxc5
{[%clk 0:22:32]} Rd7 {[%clk 0:01:08]} 28. Qc2 {[%clk 0:21:41]} g6
{[%clk 0:01:12]} 29. Ba2 {[%clk 0:18:37]} Rde7 {[%clk 0:01:02]} 30. Bxe6
{[%clk 0:18:22]} fxe6 {[%clk 0:01:00]} 31. Rxa6 {[%clk 0:17:48]} Kh7
{[%clk 0:00:33]} 32. Rc6 {[%clk 0:17:56]} Rb8 {[%clk 0:00:35]} 33. Rc7
{[%clk 0:17:31]} Rbe8 {[%clk 0:00:35]} 34. b4 {[%clk 0:16:29]} Rxc7
{[%clk 0:00:51]} 35. Qxc7+ {[%clk 0:16:51]} Re7 {[%clk 0:01:20]} 36. Qe5
{[%clk 0:16:39]} Qf7 {[%clk 0:00:33]} 37. a4 {[%clk 0:16:33]} Rb7
{[%clk 0:00:32]} 38. b5 {[%clk 0:16:37]} Ra7 {[%clk 0:00:41]} 39. Ra1
{[%clk 0:16:32]} Rd7 {[%clk 0:00:55]} 40. a5 {[%clk 0:15:31]} Rd5
{[%clk 0:01:04]} 41. Qe2 {[%clk 0:15:56]} Qf5 {[%clk 0:00:33]} 42. b6
{[%clk 0:15:24]} Rc5 {[%clk 0:00:31]} 43. a6 {[%clk 0:14:34]} Rc2
{[%clk 0:00:33]} 44. Qe3 {[%clk 0:13:48]} Rb2 {[%clk 0:00:34]} 45. b7
{[%clk 0:14:08]} h5 {[%clk 0:00:32]} 46. Qa7 {[%clk 0:12:48]} Kh6
{[%clk 0:00:32]} 47. b8=Q {[%clk 0:12:59]} Rxb8 {[%clk 0:00:58]} 48. Qxb8
{[%clk 0:13:21]} Qf6 {[%clk 0:01:11]} 49. Qb1 {[%clk 0:13:43]} Qd8
{[%clk 0:01:27]} 50. a7 {[%clk 0:14:05]} Qa8 {[%clk 0:01:38]} 51. Qb8
{[%clk 0:14:28]} h4 {[%clk 0:01:28]} 52. Qxa8 {[%clk 0:14:49]} g5
{[%clk 0:01:53]} 53. Qh8+ {[%clk 0:15:11]} Kg6 {[%clk 0:02:14]} 54. Re1
{[%clk 0:15:29]} e5 {[%clk 0:02:36]} 55. Rxe5 {[%clk 0:15:36]} g4
{[%clk 0:02:57]} 56. Qh5+ {[%clk 0:15:56]} Kg7 {[%clk 0:03:25]} 57. Re7+
{[%clk 0:16:02]} Kf6 {[%clk 0:03:41]} 58. Qf7+ {[%clk 0:16:25]} Kg5
{[%clk 0:04:04]} 59. Re5+ {[%clk 0:16:33]} Kh6 {[%clk 0:04:28]} 60. Rh5#
{[%clk 0:16:59]} 1-0

[Event "V4Liptov2018"]
[Site "?"]
[Date "2018.06.25"]
[Round "5.20"]
[White "Pudelko, Magdalena"]
[Black "Usarova, Evita"]
[Result "1/2-1/2"]
[BlackElo "1589"]
[WhiteElo "1251"]
[LiveChessVersion "1.4.8"]

1. e4 {[%clk 1:00:58]} e5 {[%clk 1:00:54]} 2. Nf3 {[%clk 1:01:22]} Nc6
{[%clk 1:01:18]} 3. Bc4 {[%clk 1:01:45]} Nf6 {[%clk 1:01:42]} 4. d3
{[%clk 1:02:10]} Be7 {[%clk 1:00:29]} 5. c3 {[%clk 1:02:30]} O-O {[%clk 0:59:20]}
6. O-O {[%clk 1:02:37]} d6 {[%clk 0:55:56]} 7. Re1 {[%clk 1:02:58]} Bg4
{[%clk 0:49:12]} 8. h3 {[%clk 1:03:02]} Bh5 {[%clk 0:49:37]} 9. Nbd2
{[%clk 1:02:52]} Kh8 {[%clk 0:36:52]} 10. Nf1 {[%clk 1:02:55]} Bg6
{[%clk 0:27:00]} 11. Ng3 {[%clk 1:03:00]} Nh5 {[%clk 0:26:19]} 12. Nxe5
{[%clk 1:02:04]} Nxe5 {[%clk 0:20:16]} 13. Nxh5 {[%clk 1:02:17]} Nxc4
{[%clk 0:20:26]} 14. dxc4 {[%clk 1:02:44]} f5 {[%clk 0:12:50]} 15. Nf4
{[%clk 1:00:55]} Qd7 {[%clk 0:11:21]} 16. Nxg6+ {[%clk 1:00:31]} hxg6
{[%clk 0:11:44]} 17. e5 {[%clk 1:00:09]} Rae8 {[%clk 0:06:02]} 18. exd6
{[%clk 0:58:22]} Bxd6 {[%clk 0:04:34]} 19. Bg5 {[%clk 0:56:14]} Qc6
{[%clk 0:04:32]} 20. Qd4 {[%clk 0:54:01]} Bc5 {[%clk 0:03:51]} 21. Qd5
{[%clk 0:51:42]} Qb6 {[%clk 0:02:33]} 22. Be3 {[%clk 0:50:31]} Bxe3
{[%clk 0:02:33]} 23. Rxe3 {[%clk 0:50:31]} Rxe3 24. fxe3 Qxb2 {[%clk 0:01:35]}
25. Rf1 {[%clk 0:50:24]} Qxc3 {[%clk 0:00:56]} 26. Qxb7 {[%clk 0:49:50]} Qxe3+
{[%clk 0:01:01]} 27. Rf2 {[%clk 0:48:48]} Qc5 {[%clk 0:00:42]} 28. Qb5
{[%clk 0:46:34]} Qb6 29. Qxb6 {[%clk 0:44:09]} cxb6 {[%clk 0:01:02]} 30. Rd2
{[%clk 0:44:02]} Rf7 {[%clk 0:00:41]} 31. Kf2 {[%clk 0:44:13]} Re7
{[%clk 0:00:36]} 32. Kf3 {[%clk 0:44:14]} Kg8 {[%clk 0:01:00]} 33. Kf4
{[%clk 0:44:29]} Kf7 {[%clk 0:00:35]} 34. Kg5 {[%clk 0:44:43]} a5
{[%clk 0:00:32]} 1/2-1/2

[Event "V4Liptov2018"]
[Site "?"]
[Date "2018.06.25"]
[Round "5.21"]
[White "Galuszka, Tomasz"]
[Black "Ptacek, Jan"]
[Result "1-0"]
[BlackElo "1847"]
[WhiteElo "1991"]
[LiveChessVersion "1.4.8"]

1. e4 {[%clk 1:00:58]} c5 {[%clk 1:00:53]} 2. Nf3 {[%clk 1:01:23]} d6
{[%clk 1:01:18]} 3. g3 {[%clk 1:01:49]} g6 {[%clk 1:01:39]} 4. Bg2
{[%clk 1:02:14]} Bg7 {[%clk 1:02:06]} 5. O-O {[%clk 1:02:37]} e6 {[%clk 1:02:31]}
6. c3 {[%clk 1:02:26]} Ne7 {[%clk 1:02:48]} 7. d4 {[%clk 1:02:18]} O-O
{[%clk 1:01:32]} 8. dxc5 {[%clk 1:02:45]} dxc5 {[%clk 1:01:37]} 9. Qe2
{[%clk 1:02:30]} Nbc6 {[%clk 1:01:24]} 10. Nbd2 {[%clk 1:01:01]} Qc7
{[%clk 0:58:28]} 11. Re1 {[%clk 1:00:48]} e5 {[%clk 0:53:04]} 12. Nc4
{[%clk 0:58:19]} b6 {[%clk 0:52:31]} 13. a4 {[%clk 0:57:16]} Ba6 {[%clk 0:51:21]}
14. Bf1 {[%clk 0:56:37]} Na5 {[%clk 0:49:56]} 15. Nfd2 {[%clk 0:56:58]} Bh6
{[%clk 0:48:10]} 16. Qf3 {[%clk 0:53:48]} Bxd2 {[%clk 0:45:19]} 17. Nxd2
{[%clk 0:54:10]} Bxf1 {[%clk 0:45:40]} 18. Nxf1 {[%clk 0:54:24]} Nb3
{[%clk 0:45:04]} 19. Bh6 {[%clk 0:54:46]} f6 {[%clk 0:37:07]} 20. Bxf8
{[%clk 0:51:36]} Rxf8 {[%clk 0:37:03]} 21. Rad1 {[%clk 0:50:06]} Kf7
{[%clk 0:36:14]} 22. Qe2 {[%clk 0:47:18]} Qc6 {[%clk 0:35:07]} 23. Qc4+
{[%clk 0:47:21]} Qe6 {[%clk 0:35:35]} 24. Ne3 {[%clk 0:47:33]} Na5
{[%clk 0:34:32]} 25. Qxe6+ {[%clk 0:47:32]} Kxe6 {[%clk 0:35:00]} 26. Nd5
{[%clk 0:43:48]} Rd8 {[%clk 0:34:01]} 27. Nc7+ {[%clk 0:44:11]} 1-0

[Event "V4Liptov2018"]
[Site "?"]
[Date "2018.06.25"]
[Round "5.22"]
[White "Volaninova, Sarka"]
[Black "Sulkowski, Dawid"]
[Result "1/2-1/2"]
[BlackElo "1501"]
[WhiteElo "1680"]
[LiveChessVersion "1.4.8"]

1. e4 {[%clk 1:00:58]} e5 {[%clk 1:00:55]} 2. d4 {[%clk 1:01:17]} exd4
{[%clk 1:01:18]} 3. Qxd4 {[%clk 1:01:40]} Nc6 {[%clk 1:01:33]} 4. Qe3
{[%clk 1:01:59]} Nf6 {[%clk 1:01:17]} 5. Nc3 {[%clk 1:01:50]} Bb4
{[%clk 1:00:11]} 6. Bd2 {[%clk 1:01:06]} d6 {[%clk 1:00:21]} 7. Bc4
{[%clk 0:57:20]} Qe7 {[%clk 1:00:11]} 8. f3 {[%clk 0:50:51]} Be6 {[%clk 0:57:24]}
9. Bb3 {[%clk 0:44:27]} Ne5 {[%clk 0:52:11]} 10. Qe2 {[%clk 0:43:17]} O-O-O
{[%clk 0:44:03]} 11. O-O-O {[%clk 0:40:44]} Rhe8 {[%clk 0:42:22]} 12. Nh3
{[%clk 0:38:15]} Nfd7 {[%clk 0:39:30]} 13. Nf4 {[%clk 0:36:29]} Nc5
{[%clk 0:34:21]} 14. Kb1 {[%clk 0:34:30]} Nxb3 {[%clk 0:28:47]} 15. axb3
{[%clk 0:34:26]} Bc5 {[%clk 0:27:28]} 16. Ncd5 {[%clk 0:28:07]} Bxd5
{[%clk 0:25:38]} 17. Nxd5 {[%clk 0:28:25]} Qd7 {[%clk 0:24:34]} 18. Bc3
{[%clk 0:27:34]} f6 {[%clk 0:21:02]} 19. Bd4 {[%clk 0:20:45]} Qc6
{[%clk 0:18:20]} 20. Qf2 {[%clk 0:18:32]} Bb6 {[%clk 0:15:17]} 1/2-1/2

[Event "V4Liptov2018"]
[Site "?"]
[Date "2018.06.25"]
[Round "5.23"]
[White "Adamczyk, Zuzanna"]
[Black "Cipl, Jan"]
[Result "1/2-1/2"]
[BlackElo "1481"]
[WhiteElo "1750"]
[LiveChessVersion "1.4.8"]

1. e4 {[%clk 1:00:54]} e5 {[%clk 1:00:43]} 2. Nf3 {[%clk 1:01:03]} Nc6
{[%clk 1:00:43]} 3. d4 {[%clk 1:00:45]} exd4 {[%clk 1:00:15]} 4. Nxd4
{[%clk 1:00:55]} Bc5 {[%clk 0:59:50]} 5. Be3 {[%clk 1:00:40]} Qf6
{[%clk 0:58:56]} 6. c3 {[%clk 1:00:25]} Nge7 {[%clk 0:57:59]} 7. g3
{[%clk 0:59:49]} d5 {[%clk 0:52:29]} 8. Bg2 {[%clk 0:56:13]} dxe4
{[%clk 0:51:06]} 9. Nd2 {[%clk 0:49:18]} Bxd4 10. Nxe4 {[%clk 0:43:59]} Bxc3+
{[%clk 0:46:02]} 11. bxc3 {[%clk 0:43:29]} Qg6 {[%clk 0:45:24]} 12. O-O
{[%clk 0:31:55]} O-O {[%clk 0:43:59]} 13. Qa4 {[%clk 0:23:10]} Rb8
{[%clk 0:36:17]} 14. Bc5 {[%clk 0:16:33]} Be6 {[%clk 0:27:31]} 15. Bxe7
{[%clk 0:14:41]} Nxe7 {[%clk 0:27:49]} 16. Qxa7 {[%clk 0:09:33]} Bd5
{[%clk 0:26:28]} 17. Qc5 {[%clk 0:07:30]} Bxe4 {[%clk 0:25:09]} 18. Qxe7
{[%clk 0:05:49]} Bxg2 {[%clk 0:25:24]} 19. Kxg2 {[%clk 0:06:10]} Qc6+
{[%clk 0:25:42]} 20. Kg1 {[%clk 0:06:19]} Rfe8 {[%clk 0:25:06]} 21. Qb4
{[%clk 0:05:50]} Rbd8 {[%clk 0:23:53]} 22. Rab1 {[%clk 0:04:26]} b6
{[%clk 0:24:09]} 23. Rb2 {[%clk 0:04:10]} Rd7 {[%clk 0:23:34]} 24. c4
{[%clk 0:02:27]} Red8 {[%clk 0:23:00]} 25. Re1 {[%clk 0:01:56]} Rd1
{[%clk 0:22:19]} 26. Rbe2 {[%clk 0:01:44]} Rxe1+ {[%clk 0:22:35]} 27. Rxe1
{[%clk 0:01:19]} Re8 {[%clk 0:21:05]} 28. Rd1 {[%clk 0:01:18]} f6
{[%clk 0:21:15]} 29. Qb5 {[%clk 0:01:00]} Qxb5 {[%clk 0:21:09]} 30. cxb5
{[%clk 0:01:27]} Kf7 {[%clk 0:21:30]} 31. Kf1 {[%clk 0:01:32]} Re5
{[%clk 0:21:19]} 32. Rd7+ {[%clk 0:01:15]} Re7 {[%clk 0:21:42]} 33. Rd4
{[%clk 0:01:19]} Ke8 {[%clk 0:21:26]} 34. a4 {[%clk 0:01:15]} Re6
{[%clk 0:21:28]} 35. f4 {[%clk 0:01:21]} Ke7 {[%clk 0:21:36]} 36. Kf2
{[%clk 0:01:48]} f5 {[%clk 0:21:01]} 37. Kf3 {[%clk 0:01:37]} Rd6
{[%clk 0:20:55]} 38. Ke3 {[%clk 0:01:21]} Rxd4 {[%clk 0:20:38]} 39. Kxd4
{[%clk 0:01:50]} Kd6 {[%clk 0:20:57]} 40. h3 {[%clk 0:01:44]} h5 {[%clk 0:20:48]}
41. Kc4 {[%clk 0:01:52]} Ke6 {[%clk 0:19:45]} 42. Kd4 {[%clk 0:01:42]} Kd6
{[%clk 0:19:57]} 43. Kc4 {[%clk 0:01:39]} Ke6 {[%clk 0:20:18]} 44. Kb4
{[%clk 0:01:07]} Kd5 {[%clk 0:19:46]} 45. a5 {[%clk 0:00:47]} bxa5+
{[%clk 0:18:06]} 46. Kxa5 {[%clk 0:01:12]} Kc5 {[%clk 0:18:31]} 47. Ka6
{[%clk 0:00:46]} Kd6 {[%clk 0:18:23]} 48. Kb7 {[%clk 0:01:03]} Kd7
{[%clk 0:18:46]} 49. Ka7 {[%clk 0:01:02]} Ke7 {[%clk 0:18:44]} 50. Kb7
{[%clk 0:01:14]} Kd7 {[%clk 0:19:09]} 51. Ka7 {[%clk 0:01:11]} Ke7
{[%clk 0:19:34]} 52. h4 {[%clk 0:01:25]} g6 {[%clk 0:19:52]} 53. Kb8
{[%clk 0:01:40]} Kd8 {[%clk 0:20:12]} 54. Ka8 {[%clk 0:01:34]} Ke8
{[%clk 0:20:21]} 55. Ka7 {[%clk 0:01:41]} Ke7 {[%clk 0:20:44]} 56. Ka6
{[%clk 0:01:54]} Kd6 {[%clk 0:19:40]} 57. Ka7 {[%clk 0:00:51]} Ke7
{[%clk 0:19:30]} 58. Kb7 {[%clk 0:00:44]} Kd7 {[%clk 0:19:52]} 59. Kb8
{[%clk 0:00:33]} 1/2-1/2

[Event "V4Liptov2018"]
[Site "?"]
[Date "2018.06.25"]
[Round "5.24"]
[White "Cizek, Jan"]
[Black "Zniszczol, Wiktoria"]
[Result "0-1"]
[BlackElo "1546"]
[WhiteElo "1400"]
[LiveChessVersion "1.4.8"]

1. e4 {[%clk 1:00:58]} e5 {[%clk 1:00:47]} 2. f4 {[%clk 1:00:49]} d6
{[%clk 0:56:14]} 3. Nf3 {[%clk 1:00:53]} Nd7 {[%clk 0:55:28]} 4. Bc4
{[%clk 1:00:45]} Be7 {[%clk 0:55:08]} 5. O-O {[%clk 1:00:59]} Ngf6
{[%clk 0:54:52]} 6. Nc3 {[%clk 1:00:13]} c6 {[%clk 0:54:30]} 7. d4
{[%clk 0:57:54]} Qc7 {[%clk 0:53:18]} 8. fxe5 {[%clk 0:57:06]} dxe5
{[%clk 0:53:38]} 9. Kh1 {[%clk 0:52:56]} b6 {[%clk 0:45:20]} 10. dxe5
{[%clk 0:48:07]} Nxe5 {[%clk 0:45:29]} 11. Nxe5 {[%clk 0:48:28]} Qxe5
{[%clk 0:45:40]} 12. Bf4 {[%clk 0:48:35]} Qc5 {[%clk 0:44:42]} 13. Bxf7+ Kxf7
{[%clk 0:42:32]} 14. e5 {[%clk 0:45:37]} Rd8 {[%clk 0:42:14]} 15. Qe1
{[%clk 0:41:54]} Bf5 {[%clk 0:28:28]} 16. exf6 {[%clk 0:40:34]} Bxf6
{[%clk 0:28:29]} 17. Ne4 {[%clk 0:39:25]} Bxe4 {[%clk 0:27:39]} 18. Qxe4
{[%clk 0:39:40]} Re8 {[%clk 0:24:50]} 19. Qxh7 {[%clk 0:38:44]} Re2
{[%clk 0:24:17]} 20. Bd6 {[%clk 0:37:59]} Qd5 {[%clk 0:22:43]} 21. Rxf6+
{[%clk 0:37:23]} Kxf6 {[%clk 0:21:19]} 22. Rf1+ {[%clk 0:37:41]} Ke6
{[%clk 0:20:18]} 23. Qg6+ {[%clk 0:37:08]} Kd7 {[%clk 0:20:28]} 24. Rf7+
{[%clk 0:37:02]} Kd8 {[%clk 0:17:58]} 25. Rf8+ {[%clk 0:35:50]} Kd7
{[%clk 0:18:18]} 26. Rf7+ {[%clk 0:36:03]} Kd8 {[%clk 0:15:05]} 27. Rf8+
{[%clk 0:34:42]} Kd7 {[%clk 0:11:40]} 28. Rf7+ {[%clk 0:34:01]} Kc8
{[%clk 0:10:53]} 29. h3 {[%clk 0:32:31]} Re6 {[%clk 0:09:39]} 30. Rf8+
{[%clk 0:30:43]} Kb7 {[%clk 0:09:56]} 31. Qxg7+ {[%clk 0:30:52]} Ka6
{[%clk 0:10:06]} 32. Rxa8 {[%clk 0:31:03]} Re1+ {[%clk 0:10:10]} 33. Kh2
{[%clk 0:31:08]} Qxd6+ {[%clk 0:10:33]} 34. Qg3 {[%clk 0:31:07]} Rh1+
{[%clk 0:10:54]} 35. Kxh1 {[%clk 0:31:13]} Qxg3 {[%clk 0:11:15]} 36. Rh8
{[%clk 0:31:31]} Qe1+ {[%clk 0:11:31]} 0-1

[Event "V4Liptov2018"]
[Site "?"]
[Date "2018.06.25"]
[Round "5.25"]
[White "Lengyel, Andrea"]
[Black "Pogadl, Jakub"]
[Result "1-0"]
[BlackElo "1647"]
[WhiteElo "1938"]
[LiveChessVersion "1.4.8"]

1. d4 {[%clk 1:00:59]} Nf6 {[%clk 1:00:49]} 2. c4 {[%clk 1:01:26]} g6
{[%clk 1:01:03]} 3. f3 {[%clk 1:01:53]} d5 {[%clk 1:00:35]} 4. cxd5
{[%clk 1:02:19]} Nxd5 {[%clk 1:00:46]} 5. e4 {[%clk 1:02:47]} Nb6
{[%clk 1:00:36]} 6. Nc3 {[%clk 1:01:27]} Bg7 {[%clk 1:00:40]} 7. Be3
{[%clk 1:01:07]} O-O {[%clk 1:00:21]} 8. f4 {[%clk 0:54:19]} Nc6 {[%clk 0:56:03]}
9. Nf3 {[%clk 0:54:20]} f5 {[%clk 0:52:52]} 10. Qb3+ {[%clk 0:48:42]} Kh8
{[%clk 0:42:12]} 11. Ng5 {[%clk 0:40:21]} Qe8 {[%clk 0:36:41]} 12. d5
{[%clk 0:37:05]} Nd8 {[%clk 0:27:50]} 13. Nb5 {[%clk 0:29:20]} Qd7
{[%clk 0:21:03]} 14. Rc1 {[%clk 0:15:57]} c6 {[%clk 0:17:15]} 15. dxc6
{[%clk 0:16:07]} Nxc6 {[%clk 0:08:59]} 16. Rd1 {[%clk 0:10:51]} Na5
{[%clk 0:08:24]} 17. Nf7+ {[%clk 0:10:18]} Kg8 {[%clk 0:07:09]} 18. Nh6+
{[%clk 0:10:28]} Kh8 {[%clk 0:07:28]} 19. Qg8+ {[%clk 0:10:46]} Rxg8
{[%clk 0:07:33]} 20. Nf7# {[%clk 0:11:11]} 1-0

[Event "V4Liptov2018"]
[Site "?"]
[Date "2018.06.25"]
[Round "5.26"]
[White "Taragel, Marian"]
[Black "Zlotov, Viktor"]
[Result "1/2-1/2"]
[BlackElo "1630"]
[WhiteElo "1609"]
[LiveChessVersion "1.4.8"]

1. e4 {[%clk 1:00:57]} c5 {[%clk 1:00:53]} 2. Nf3 {[%clk 1:01:01]} d6
{[%clk 1:01:14]} 3. d4 {[%clk 1:01:11]} cxd4 {[%clk 1:01:37]} 4. Nxd4
{[%clk 1:01:19]} Nf6 {[%clk 1:01:56]} 5. Nc3 {[%clk 1:00:56]} g6 {[%clk 1:02:01]}
6. Be3 {[%clk 1:00:12]} Bg7 {[%clk 1:02:20]} 7. f3 {[%clk 0:59:35]} O-O
{[%clk 1:02:35]} 8. Qd2 {[%clk 0:58:29]} Bd7 {[%clk 1:02:35]} 9. g4
{[%clk 0:56:04]} Nc6 {[%clk 1:00:57]} 10. O-O-O {[%clk 0:54:48]} Rc8
{[%clk 1:00:37]} 11. h4 {[%clk 0:51:25]} h5 {[%clk 1:00:41]} 12. g5
{[%clk 0:45:54]} Nh7 {[%clk 0:59:17]} 13. f4 {[%clk 0:43:29]} Qa5
{[%clk 0:55:45]} 14. Nb3 {[%clk 0:41:28]} Bxc3 {[%clk 0:54:53]} 15. Nxa5
{[%clk 0:39:26]} Bxd2+ {[%clk 0:55:14]} 16. Bxd2 {[%clk 0:39:43]} Bg4
{[%clk 0:52:04]} 17. Re1 {[%clk 0:38:38]} Nxa5 {[%clk 0:48:47]} 18. Bxa5
{[%clk 0:38:38]} f5 {[%clk 0:48:19]} 19. exf5 {[%clk 0:33:10]} Rxf5
{[%clk 0:48:21]} 20. Bc3 {[%clk 0:32:35]} Kf7 {[%clk 0:44:00]} 21. Bd3
{[%clk 0:29:00]} Rfc5 {[%clk 0:40:30]} 22. Re3 {[%clk 0:27:00]} Nf8
{[%clk 0:37:02]} 23. Rhe1 {[%clk 0:24:19]} e6 {[%clk 0:36:07]} 24. Kb1
{[%clk 0:19:16]} a5 {[%clk 0:31:56]} 25. a3 {[%clk 0:18:16]} b6 {[%clk 0:30:45]}
26. Kc1 {[%clk 0:15:56]} 1/2-1/2